Index scolastico-cartésien

সংরক্ষণ করুন:
গ্রন্থ-পঞ্জীর বিবরন
প্রধান লেখক: Gilson, Étienne (autor)
বিন্যাস: গ্রন্থ
ভাষা:ফরাসি
প্রকাশিত: París J. Vrin 1979
সংস্করন:2a. ed
বিষয়গুলি:
ট্যাগগুলো: ট্যাগ যুক্ত করুন
কোনো ট্যাগ নেই, প্রথমজন হিসাবে ট্যাগ করুন!

MARC

LEADER 00000nam a2200000 a 4500
001 UCW9390
003 CL-VaPUC
008 890407e19790000FR |||||||||||||||||fre|d
082 0 4 |a 194  |b GIL  |2 21 
100 |a Gilson, Étienne  |e autor  |9 349171 
245 1 0 |a Index scolastico-cartésien 
250 |a 2a. ed 
300 |a 390 p 
942 |c BK 
945 |d 19890407 00:00:00 
260 |a París  |b J. Vrin  |c 1979 
600 0 |a Descartes, René  |e autor  |9 265906 
650 0 |a Escolasticismo  |9 264998 
650 7 |a DICCIONARIOS, INDICES, ETC  |2 CL-VaPUC  |9 314647 
583 |a last modification  |c 19890407 00:00:00  |k Rodrigo Vera 
999 |c 221385  |d 221383 
952 |0 0  |1 0  |4 0  |6 194_000000000000000_GIL_1979  |7 0  |8 P  |9 214650  |a BIBEDU  |b BIBEDU  |c BIBEDU_PB  |d 2019-11-15  |i 2832038  |o 194 GIL 1979  |p 2832038  |r 2024-01-25  |w 2019-11-15  |y BK  |k FIL